Word Ladder: Impressionist Artist Quiz Stats

 Plays Quiz Updated Jun 4, 2018

Challenge
Share
Tweet
Embed
Score 0/15 Timer 02:00
2 Plays Today
Clue 5-Letter Word % Correct
'See you _____, alligator'LATER
98.9%
One who avoids meat and dairyVEGAN
94.7%
Light beerLAGER
94.2%
Nevada's 'Sin City', for shortVEGAS
93.7%
Lucifer, by another nameSATAN
92.2%
Impressionist painter of dancers
or, 'The Raven' author Poe
♦EDGAR♦
92.1%
Fabric for bed sheets and pointe shoesSATIN
91.9%
Language of CiceroLATIN
91.9%
Clue 5-Letter Word % Correct
Tool for trimming lawns around curbsEDGER
88.6%
Grow closer to midnightLATEN
87.3%
Gung-hoEAGER
87%
Impressionist painter of dancers
or, Remove air from
♦DEGAS♦
78.3%
Sister of Goneril and CordeliaREGAN
72%
Palm stems used for wickerwork (alt. spelling)RATAN
71.7%
Bask in the sun a second timeRETAN
71.5%

Today's Daily Dose

You're not logged in!

Compare scores with friends on all Sporcle quizzes.
Join for Free
OR
Log In

You Might Also Like...

Show Comments

Extras

Top Quizzes Today


Score Distribution

Your Account Isn't Verified!

In order to create a playlist on Sporcle, you need to verify the email address you used during registration. Go to your Sporcle Settings to finish the process.

Report this User

Report this user for behavior that violates our Community Guidelines.

Details: